AD VOCEM: MUS SPICILEGUS PETÉNYI, 1882

Bibliographic Details
Main Author: Stollmann, Andrej, 1932- (Author)
Format: Article
Language:Slovak
ISBN:8022810118

MARC

LEADER 00000naa a2200000uu 4500
001 vtls010932481
003 SK-MaSNL
005 20260302122427.0
008 210910|2000 xo |||||||||||||||||slo|
015 |a SNBRA 
035 |a (urnnbn)urn:nbn:sk:snk:ar-a0b501 
035 |a (uuid)e77c4761-8f2f-41f1-a0de-a91336025467 
035 |a urn:nbn:sk:snk-aatxfp 
040 |a SNKBUCL  |b slo  |c SNKBUCL  |e AACR2 
041 0 |a slo 
044 |a xo  |c SK 
100 1 |a Stollmann, Andrej,  |d 1932-  |4 aut  |9 8962 
245 1 0 |a AD VOCEM: MUS SPICILEGUS PETÉNYI, 1882  |c Andrej Stollmann 
773 0 |t Výskum a ochrana cicavcov na Slovensku 4  |d Vo Zvolene : Technická univerzita, 2000  |g S. 111-114  |z 8022810118 
958 |a OND 
958 |a article11 
958 |a chapter 
999 |c 1277895  |d 1279825